000 00263nam a22001097a 4500
082 _a515.07 MAT'O
100 _aORGANISATION FOR ECONOMIC
_980498
245 _aMATHEMATICAL EDUCATION OF ENGINEERS
260 _aAUSTRIS
_bOECD
_c1961
300 _a207P
942 _cBK
999 _c585422
_d585422